[Event "African Online-ch U20-Open 2021"]
[Site "Online"]
[Date "2021.02.01"]
[Round "4.22"]
[White "Potgieter, Edward"]
[Black "Belattar, Mohamed Walid"]
[Result "1-0"]
[WhiteElo "1229"]
[BlackElo "1214"]
[Annotator "NA RC"]
[PlyCount "53"]
[EventDate "2021.02.01"]
[EventType "swiss"]
[EventCountry "NET"]
[SourceTitle "playchess.com"]
[Source "ChessBase"]
[SourceQuality "1"]
[TimeControl "1500+10"]

1. e4 {[%emt 0:00:00]} c5 {[%emt 0:00:03]} 2. Nf3 {[%emt 0:00:02]} g6 {[%emt 0:00:02]} 3. d4 {[%emt 0:00:02]} cxd4 {[%emt 0:00:02]} 4. Nxd4 {[%emt 0:00:02]} Bg7 {[%emt 0:00:02]} 5. Nc3 {[%emt 0:00:03]} Nc6 {[%emt 0:00:04]} 6. Be3 {[%emt 0:00:05]} d6 {[%emt 0:00:06]} 7. Bc4 {[%emt 0:00:19]} Nf6 {[%emt 0:00:13]} 8. f3 {[%emt 0:00:12]} O-O {[%emt 0:00:07]} 9. Qd2 {[%emt 0:00:15]} Bd7 {[%emt 0:00:19]} 10. O-O-O {[%emt 0:00:14]} Rc8 {[%emt 0:00:05]} 11. Bb3 {[%emt 0:00:35]} Nxd4 {[%emt 0:02:40]} 12. Bxd4 {[%emt 0:00:11]} a6 {[%emt 0:00:36]} 13. h4 {[%emt 0:00:36]} b5 {[%emt 0:01:45]} 14. h5 {[%emt 0:04:14]} e5 {[%emt 0:11:52]} 15. Be3 {[%emt 0:01:12]} Nxh5 {[%emt 0:01:54]} 16. Bh6 {[%emt 0:01:20]} Qf6 {[%emt 0:01:21]} 17. Bg5 {[%emt 0:00:20]} Bh6 {[%emt 0:02:20]} 18. Bxh6 {[%emt 0:00:07]} Rfe8 {[%emt 0:00:38]} 19. Bg5 {[%emt 0:00:37]} Qh8 {[%emt 0:00:09]} 20. Nd5 {[%emt 0:00:33]} Bc6 {[%emt 0:03:45]} 21. g4 {[%emt 0:00:26]} Ng3 {[%emt 0:00:10]} 22. Rh3 {[%emt 0:00:26]} Bxd5 {[%emt 0:00:10]} 23. Qxd5 {[%emt 0:00:10]} Ne2+ {[%emt 0:00:10]} 24. Kb1 {[%emt 0:00:06]} Rc7 {[%emt 0:00:05]} 25. Qxd6 {[%emt 0:00:26]} Rcc8 {[%emt 0:00:14]} 26. Qd7 {[%emt 0:00:30]} Rcd8 {[%emt 0:00:13]} 27. Qxf7# {[%emt 0:00:13]} 1-0

[Event "African Online-ch U20-Open 2021"]
[Site "Online"]
[Date "2021.02.01"]
[Round "5.1"]
[White "Filipe, Marcio"]
[Black "Mohamed Abderrahim, Taleb Mohamed"]
[Result "1-0"]
[WhiteElo "1990"]
[BlackElo "1799"]
[Annotator "TA"]
[PlyCount "55"]
[EventDate "2021.02.01"]
[EventType "swiss"]
[EventCountry "NET"]
[SourceTitle "playchess.com"]
[Source "ChessBase"]
[SourceQuality "1"]

{[%evp 17,55,61,47,48,54,60,81,90,78,85,115,7,182,147,365,361,684,716,721,693,721,714,712,712,704,687,847,843,941,931,935,930,928,922,1035,1037,29993,29994,29994,29995]} 1. e4 e5 2. Nf3 Nc6 3. Bb5 a6 4. Ba4 Nf6 5. O-O Be7 6. Re1 b5 7. Bb3 O-O 8. d3 d5 9. exd5 Nxd5 10. Nxe5 {C88: Closed Ruy Lopez: Anti-Marshall Systems.} Nxe5 11. Rxe5 c6 12. Re1 {White is better.} Bd6 13. Nd2 {[%cal Bb1d2,Bd2e4,Be4d6][%mdl 32]} Qh4 {[#]} 14. h3 $146 ({White should try} 14. g3 $16 Qg4 15. Qxg4 Bxg4 16. Ne4) ({Predecessor:} 14. g3 Qh3 15. Qf3 Bg4 16. Qg2 Rfe8 17. Ne4 f5 18. Bd2 fxe4 19. Qxh3 Bxh3 20. dxe4 Rf8 21. exd5 c5 22. c4 Rf7 23. a4 Raf8 24. f4 g5 25. cxb5 axb5 {0-1 (25) Wartiovaara,O (2190)-Allam,M (1971) chess.com INT 2020}) 14... Nf4 $2 (14... Bxh3 $1 $11 {and Black is okay.} 15. gxh3 Qxh3) 15. Ne4 Nxh3+ $2 {Loses the game.} (15... Nxg2 $16 16. Nxd6 Nxe1 17. Qxe1 Bxh3) 16. gxh3 $18 Qxh3 $2 (16... Be7 17. Qf3 Bxh3) 17. Nxd6 Bg4 {[#]} 18. Re3 $1 {[%mdl 512]} Qh5 19. Qf1 Bf3 {[#]} 20. Rxf3 $1 {[%mdl 64] Clearance} Qxf3 21. Be3 Qh5 22. Qg2 Kh8 23. Bd4 {[%csl Gd4][%cal Rg2g7]} f6 24. Re1 Rad8 25. Qg3 c5 {[#]} 26. Re7 $1 {[%csl Ge7][%cal Rg3g7]} Qd1+ (26... g6 27. Bc3) 27. Kg2 {[%csl Ge7][%cal Rg3g7]} g6 {[#]} 28. Qh4 $1 {[%csl Gh4][%cal Re7h7][%mdl 64] Double Attack.  Weighted Error Value: White=0.18/Black=1.21} 1-0

[Event "African Online-ch U20-Open 2021"]
[Site "Online"]
[Date "2021.02.01"]
[Round "5.2"]
[White "Beghriche, Rami Tadjeddine"]
[Black "Lutuima, Amaro"]
[Result "1-0"]
[WhiteElo "1783"]
[BlackElo "2050"]
[Annotator "TA"]
[PlyCount "69"]
[EventDate "2021.02.01"]
[EventType "swiss"]
[EventCountry "NET"]
[SourceTitle "playchess.com"]
[Source "ChessBase"]
[SourceQuality "1"]

{[%evp 17,69,20,22,22,22,24,25,22,43,25,51,46,40,51,77,75,100,74,102,93,95,100,100,98,102,103,104,106,149,144,148,131,139,136,187,198,205,188,195,201,297,262,347,354,351,281,526,525,1497,1468,1725,1725,1510,1295]} 1. Nf3 Nf6 2. b3 g6 3. Bb2 Bg7 4. e3 d6 5. d4 O-O 6. Be2 c6 7. c4 Re8 8. Nc3 Qc7 9. O-O Nbd7 10. h3 {E60: King's Indian: Unusual lines and Fianchetto Variation without Nc3.} e5 11. Rc1 a6 {[#]} 12. a3 $146 {White has an edge.} ({Predecessor:} 12. Re1 b6 13. d5 c5 14. e4 Rb8 15. Bf1 Nf8 16. Kh2 Qd7 17. Ng1 b5 18. g3 bxc4 19. Bxc4 {½-½ (32) Milanovic,M-Zilic,A (2044) Rabac 2004}) 12... Qd8 13. Qc2 Nf8 14. dxe5 dxe5 15. b4 Bf5 16. e4 Bd7 17. Rfd1 Qc7 18. c5 Nh5 19. Na4 Rad8 20. Nb6 Be6 21. Bf1 Nf4 22. Kh2 h6 23. g3 Nh5 24. Nc4 Bxc4 25. Bxc4 Ne6 {[#]} (25... Nh7 $16 26. Kg2 Ng5 27. Nxg5 hxg5) 26. Rxd8 $1 $18 Nxd8 27. Rd1 Ne6 28. Rd6 Bf8 (28... Nf8 {was worth a try.} 29. Qd3 Kh7) 29. Bxe6 ({Don't play} 29. Bxe5 $6 Bxd6 30. cxd6 Qd8 $18) 29... Bxd6 30. cxd6 Qxd6 31. Bb3 b5 $2 (31... Re7 {was necessary.} 32. Qc3 Nf6 33. Nxe5 Nxe4 34. Nxf7 Nxc3 35. Nxd6+ {[%mdl 64] Discovered Attack} Nd5) 32. Qc3 {White is clearly winning.} Rd8 33. Nxe5 {[%mdl 64] Double Attack} Qd2 {[#]} 34. Qf3 $1 Nf4 35. Bc3 {Weighted Error Value: White=0.06/Black=0.31} 1-0

[Event "African Online-ch U20-Open 2021"]
[Site "Online"]
[Date "2021.02.01"]
[Round "5.3"]
[White "Brahami, Lamine"]
[Black "Junior, Domingos"]
[Result "1-0"]
[WhiteElo "2194"]
[BlackElo "1894"]
[Annotator "TA"]
[PlyCount "131"]
[EventDate "2021.02.01"]
[EventType "swiss"]
[EventCountry "NET"]
[SourceTitle "playchess.com"]
[Source "ChessBase"]
[SourceQuality "1"]

{[%evp 17,131,18,47,0,2,-14,21,-9,0,-4,24,-8,-8,-4,0,0,-5,-12,0,-12,-12,-20,0,0,11,10,11,10,25,0,0,0,21,27,64,44,108,110,113,114,112,106,116,117,122,129,195,189,208,200,232,235,228,224,214,189,189,189,228,224,228,222,227,227,228,231,234,234,257,250,559,434,401,371,551,449,570,564,678,664,610,591,962,901,1578,816,1248,486,389,308,29984,29985,29985,29986,29986,29985,29985,29986,29987,29987,29988,29989,29989,29989,29989,29990,29992,29993,29995,29995,29997,29997,29997,29998,29998,29999]} 1. d4 Nf6 2. c4 e6 3. Nf3 b6 4. Nc3 Bb7 5. e3 Be7 6. Bd3 d5 7. O-O O-O 8. b3 Nbd7 9. Bb2 Ne4 10. a3 {E14: Queen's Indian: Classical Variation (4 e3).} c5 11. cxd5 exd5 12. Qc2 {[%cal Rc3e4] The position is equal.} Rc8 {[#]} 13. Nxe4 $146 ({Predecessor:} 13. Rac1 f5 14. Qe2 Bf6 15. Ba6 Qc7 16. Rfd1 Rfe8 17. Bb5 Bc6 18. dxc5 Bxc3 19. Bxc6 Qxc6 20. Bxc3 bxc5 {1-0 (29) Sanchez Fernandez,F (1965)-Monreal Godina,J (1985) ICCF email 2014}) 13... cxd4 (13... dxe4 {is more complex.} 14. Bxe4 cxd4 15. Qb1 Bxe4 16. Qxe4 dxe3 17. Qxe3 Re8) 14. Qb1 {[#] And now Ned2 would win.} (14. Nc3 {seems wilder.} dxc3 15. Bxc3 g6 16. Qb2 f6 17. Be2) 14... dxe4 15. Bxe4 Bxe4 16. Qxe4 dxe3 17. Qxe3 Bf6 18. Nd4 Re8 19. Qg3 Bxd4 20. Bxd4 {[%csl Gd4][%cal Rg3g7] [#]} Nf6 21. Rad1 Qe7 22. h3 Rcd8 23. Kh2 Nh5 24. Qg4 g6 {...f5 is the strong threat.} (24... Nf6 {with more complications.} 25. Qg3) 25. Bb2 Ng7 26. Qf3 $40 {[%mdl 128] White mounts an attack.} Nf5 {White stays focused until the end.} (26... Ne6 $14) 27. Qc3 $16 {[%csl Gb2][%cal Rc3h8]} f6 28. Qxf6 Qxf6 29. Bxf6 Rxd1 30. Rxd1 {[%mdl 4096] Endgame KRB-KRN} Re2 31. g4 Ne3 (31... Kf7 $16 {was necessary.}) 32. Rd8+ $18 Kf7 33. Bh4 Nf1+ 34. Kg2 Nd2 35. Rd7+ Kg8 36. b4 a5 37. Bd8 axb4 38. axb4 Nc4 39. Bf6 Re6 40. g5 Nd6 41. Rg7+ Kf8 42. Rxh7 Ne4 43. Rb7 Nd2 $2 (43... Nxf6 {is tougher.} 44. gxf6 Rxf6) 44. Bd4 Nc4 45. Rc7 Nd2 (45... Ne5 $142 46. Rb7 Nc4) 46. h4 Ne4 47. Rb7 Nd2 48. Bxb6 Nc4 49. Bc5+ Kg8 50. b5 Na5 51. Ra7 Nc4 52. b6 (52. Ra4 $142 Nb6 53. Ra6) 52... Nxb6 53. Ra6 Nd7 (53... Nd5 $18) 54. Rxe6 {White mates.} Nxc5 55. Rxg6+ {KR-KN} Kh7 56. Rh6+ Kg7 57. f4 Nd3 58. f5 Nf4+ 59. Kf3 Nd3 60. f6+ Kf7 61. Ke4 Nf2+ 62. Kf5 Nd1 63. g6+ Kg8 64. f7+ Kg7 65. Rh7+ Kf8 66. Kf6 {[%cal Rh7h8] Weighted Error Value: White=0.13/Black=0.41} 1-0

[Event "African Online-ch U20-Open 2021"]
[Site "Online"]
[Date "2021.02.01"]
[Round "5.4"]
[White "Vasco Mateus Felizardo Viageir"]
[Black "Elier, Ali"]
[Result "0-1"]
[WhiteElo "1862"]
[BlackElo "2037"]
[Annotator "TA"]
[PlyCount "102"]
[EventDate "2021.02.01"]
[EventType "swiss"]
[EventCountry "NET"]
[SourceTitle "playchess.com"]
[Source "ChessBase"]
[SourceQuality "1"]

{[%evp 15,102,31,58,-18,-9,-22,-9,-16,-7,-7,-15,-16,-18,-18,-28,-21,-19,-54,-17,-26,12,11,111,108,116,0,0,0,0,0,0,-19,18,8,25,-72,-74,-103,-87,-83,-12,-16,-20,-26,-30,-31,-5,-30,-5,-5,-5,-5,-5,-5,0,-191,-5,-5,0,0,-26,-186,-191,-187,-132,-211,-167,-387,-363,-426,-405,-414,-412,-437,-303,-790,-891,-774,-850,-761,-688,-1862,-1834,-2151,-2034,-12838,-12833,-5631,-5351]} 1. e4 e5 2. Nf3 Nc6 3. Bb5 a6 4. Ba4 b5 5. Bb3 Na5 6. O-O d6 7. d4 exd4 {The main line 7...exd4 scores better than 7...Nxb3.} 8. Nxd4 Bb7 {Threatening ...c5.} 9. Nf3 {C70: Ruy Lopez: 3...a6 4 Ba4, Norwegian and Delayed Schliemann.} (9. Re1 $14) 9... Be7 10. Re1 {[#]} Nxb3 $146 ({Predecessor:} 10... Nf6 11. Nc3 O-O 12. Nd5 Nxd5 13. exd5 Nxb3 14. axb3 Bf6 15. c3 Qd7 16. Qd3 Qg4 17. c4 bxc4 18. bxc4 Bc8 19. Ra3 Bf5 20. Qe2 h5 21. Nd2 Qxe2 22. Rxe2 a5 23. Nf1 {½-½ (23) Seifert,M-Petras,J Prague 1965}) 11. axb3 {The position is equal.} Nf6 12. Nc3 O-O 13. Nd5 Re8 14. c4 Nxd5 15. exd5 Bf6 16. Rxe8+ Qxe8 17. Qc2 c6 18. Bg5 Qd8 (18... Be5 $11) 19. Qf5 $1 $16 cxd5 20. cxd5 (20. Bxf6 $16 gxf6 21. cxd5) 20... Qc8 $11 21. Qxc8+ Rxc8 22. Bxf6 gxf6 {[%mdl 4096] Endgame KRB-KRN} 23. Nh4 Rc2 24. Nf5 Rxb2 25. Nxd6 (25. Kf1 $11 {remains equal.}) 25... Bxd5 $17 26. h3 Rxb3 27. Rxa6 Kf8 (27... Be6 $17) 28. Nf5 Ke8 29. Rxf6 b4 {[%cal Bb5b4,Bb4b3][%mdl 32]} 30. Rb6 Rb1+ 31. Kh2 b3 32. Rb5 Bc6 33. Rb6 Kd7 34. Nd4 Bd5 35. Ne2 $2 {[#]} (35. Rb5 $1 $11 {and White has nothing to worry.} Be6 36. Rb7+ Kc8 37. Rb5) 35... Kc7 $2 (35... Rb2 $1 $19 {[%cal Rb2e2]} 36. Nc3 Be6) 36. Rb4 $11 {Black must now prevent Nc3.} Kc6 {aiming for ...Kc5.} 37. Nc3 Rb2 {Strongly threatening ...Be6.} 38. Kg3 $2 {[#] White does not recover from this.} (38. Nxd5 $11 {and White is okay.} Kxd5 39. Kg3) 38... Be6 $1 $19 39. Na4 Ra2 ({Black should play} 39... Rc2 $19 40. Kf3 Rc4 41. Rxc4+ Bxc4) 40. Nc3 (40. Rb6+ $17 Kc7 41. Rb4) 40... Ra3 41. Nb1 $2 {[#]} (41. Kf4 {might work better.}) 41... Kc5 $1 {[%mdl 512]} 42. Rb8 (42. Rb7 Ra2) 42... Ra2 43. Nc3 Rc2 44. Na4+ Kd4 45. Rd8+ $2 (45. Rb4+ Rc4 46. Rxb3 Rxa4 {[%mdl 64] Discovered Attack} 47. Rb8) 45... Kc4 {Black is clearly winning.} 46. Rb8 Ra2 47. Nb6+ Kc3 48. Kf3 b2 49. Ke3 Kc2 50. Nc8 Ra3+ 51. Kf4 Rb3 {Weighted Error Value: White=0.69/Black=0.23} 0-1

[Event "African Online-ch U20-Open 2021"]
[Site "Online"]
[Date "2021.02.01"]
[Round "5.5"]
[White "Bidi, Abdeljalil"]
[Black "Mhango, Banele"]
[Result "0-1"]
[WhiteElo "1750"]
[BlackElo "2117"]
[Annotator "TA"]
[PlyCount "128"]
[EventDate "2021.02.01"]
[EventType "swiss"]
[EventCountry "NET"]
[SourceTitle "playchess.com"]
[Source "ChessBase"]
[SourceQuality "1"]

{[%evp 14,128,24,6,42,13,17,21,11,8,10,21,24,11,22,2,0,12,23,0,0,-6,0,0,0,0,0,0,0,-17,0,0,0,-5,0,0,0,-123,-120,-131,-123,-114,8,8,0,0,0,0,8,6,8,-7,8,-145,0,0,0,0,248,249,178,0,0,0,0,0,0,0,0,0,0,-213,-210,-120,-116,-116,-116,-87,0,0,0,-29976,-29974,-29971,-1066,-1024,-946,-878,-877,-29976,-29977,-29975,-29975,-29988,-29982,-29986,-29979,-29976,-29977,-29978,-5112,-29978,-29976,-29981,-29965,-29986,-29987,-29988,-29989,-29989,-29990,-29989,-29990,-29990,-29990,-29993,-29992]} 1. e4 c5 2. Nf3 d6 3. d4 cxd4 4. Nxd4 Nf6 5. Nc3 a6 6. Be2 e5 7. Nb3 Be6 8. O-O Nc6 {B92: Sicilian Najdorf: 6 Be2.} 9. Kh1 d5 10. exd5 Nxd5 {The position is equal.} 11. Nxd5 {[#]} Qxd5 $146 ({Predecessor:} 11... Bxd5 12. c3 Be7 13. Be3 O-O 14. Qc2 Bg5 15. f4 exf4 16. Bxf4 Re8 17. Rad1 Bxf4 18. Rxf4 {1-0 (57) Chauvin,S (1820)-Barbet,L (1510) Clermont Ferrand 2002}) 12. Be3 Qxd1 13. Raxd1 f5 14. Nc5 Bxc5 15. Bxc5 Kf7 16. a3 (16. g4 {keeps more tension.} Rhd8 17. gxf5 Bxf5 18. c3 Bc2 19. Rde1) 16... Rac8 17. Bb6 Nd4 18. Bxd4 exd4 19. Rd2 Rhd8 20. Bf3 a5 21. h3 (21. Bxb7 Rb8 $17) 21... b6 22. Rfd1 Kf6 23. b3 Ke5 24. Re1+ Kf6 25. Rde2 {[#]} (25. Red1 $11) 25... Rd6 $1 $17 26. g4 Rc3 27. Kg2 a4 (27... h6 $17 28. Rd2 d3 29. Rxd3 Rdxd3 30. cxd3 Rxb3) 28. g5+ $1 $11 ({Much weaker is} 28. bxa4 Bd7 $17) 28... Ke7 29. Bd5 Rxd5 30. Rxe6+ {[%mdl 4160] Endgame Double Attack. KRR-KRR} Kf7 31. Re7+ Kg6 32. h4 axb3 33. cxb3 {[#]} (33. R1e6+ $11 Kh5 34. Rxg7) 33... Rxb3 ({Black should play} 33... d3 $1 $17 {[%cal Rd3d2] And now ...d2 would win.} 34. Rd1 Rxb3 35. Re6+ Kh5) 34. R1e6+ $1 Kh5 {...d3 is the strong threat.} 35. Rxg7 {Intending f3 and mate.} Kg4 (35... Kxh4 $11 36. g6 hxg6 37. Rexg6 Kh5) 36. Rxh7 $18 {Threatens to win with g6.} d3 37. Re1 $2 (37. g6 $18 {White wants to mate with g7.} Rd8 38. g7) 37... d2 (37... Rd6 {is more complex.} 38. Rh6 Rd7 39. g6 Rxa3 40. Rh7 Rxh7 41. gxh7 Ra8) 38. Rd1 Rxa3 39. g6 Ra8 40. f3+ Kf4 41. Kf2 Ra3 42. g7 $2 (42. Re7 $11) 42... Rxf3+ $19 43. Ke2 Re3+ 44. Kf2 Rg3 {Strongly threatening ...Rdd3.} 45. h5 Rf3+ (45... Rdd3 $17 {( -> ...Rdf3+)} 46. Ke2 Rd4 47. Rf1+ Ke5) 46. Kg2 $11 Rg3+ 47. Kh2 $2 {[%mdl 8192]} (47. Kf2 $11) 47... Rdd3 48. Rf1+ Ke4 (48... Rdf3 $142 49. g8=Q Rxg8 50. Rd7 Rxf1 51. Rxd2 Ke3 52. Rc2 Rf2+ 53. Rxf2 Kxf2 54. Kh3 f4 55. h6 f3 56. h7 Rh8 57. Kg4 Ke3 58. Kf5 f2 59. Ke6 f1=Q 60. Kd5 Qb5+ 61. Kd6 Rxh7 62. Ke6 Ke4 63. Kf6 Qf5#) 49. g8=Q $19 Rxg8 50. Re7+ Kd4 51. Rd7+ Kc3 52. Rc7+ Kb2 53. Rd1 Rg5 54. h6 Rh5+ 55. Kg2 Rxh6 56. Kf2 Re6 (56... f4 $142 57. Rxd2+ Rxd2+ 58. Kf3 Rd4 59. Kg4 b5 60. Re7 b4 61. Kf5 b3 62. Kg4 Rh1 63. Kf3 Rg1 64. Re8 Rg3+ 65. Kf2 Rd2+ 66. Re2 Kc3 67. Kf1 b2 68. Re1 Kc2 69. Re8 Rf3+ 70. Kg1 b1=Q+ 71. Re1 Qxe1#) 57. Rc4 b5 {[%cal Bb6b5,Bb5b4,Bb4b3,Bb3b2][%mdl 32] Black mates.} 58. Rb4+ Kc2 59. Rbb1 b4 60. Kf1 b3 61. Kf2 b2 62. Kf1 f4 63. Kf2 f3 64. Kf1 Re1+ {[%mdl 64] Promotion. Quite a comeback for Black.  Weighted Error Value: White=0.52/Black=0.38} 0-1

[Event "African Online-ch U20-Open 2021"]
[Site "Online"]
[Date "2021.02.01"]
[Round "5.6"]
[White "Borges Delgado, Gabriel Jose"]
[Black "Selogelo Othata"]
[Result "1-0"]
[WhiteElo "2228"]
[BlackElo "1725"]
[Annotator "TA"]
[PlyCount "87"]
[EventDate "2021.02.01"]
[EventType "swiss"]
[EventCountry "NET"]
[SourceTitle "playchess.com"]
[Source "ChessBase"]
[SourceQuality "1"]

{[%evp 18,86,0,-23,47,0,8,-14,52,34,34,36,80,77,62,33,28,-35,-34,-33,9,14,31,42,79,49,59,43,120,120,133,37,208,207,200,201,272,286,220,232,284,0,14,17,38,0,0,0,0,-77,-78,-87,0,-98,-76,-107,-42,-56,18,0,12,20,120,161,137,51,50,44,1180,1142,29999]} 1. e4 c5 2. d4 cxd4 3. c3 dxc3 4. Nxc3 e6 5. Nf3 Nc6 6. Bc4 Bb4 7. O-O Bxc3 8. bxc3 Nge7 9. Ba3 O-O 10. Bd6 a6 {B21: Sicilian: 2 f4 and Morra Gambit.} (10... b6 $11) 11. a4 {[%mdl 1024] White has compensation.} Re8 12. Qd2 {[#]} Ng6 $146 (12... Na5 $11 13. Ba2 b6) ({Predecessor:} 12... Qa5 13. Ra3 b6 14. Rb1 Ra7 15. Qe3 Rb7 16. Qe2 Ra7 17. h4 Bb7 18. g4 Nc8 19. Bb4 {1-0 (19) Kristensen,K-Sigerset,M Tromsoe 1981}) 13. Rab1 f6 14. Rfd1 Nge5 {[#]} 15. Nxe5 $1 Nxe5 16. Ba2 Qa5 17. f4 (17. c4 $11 Qxa4 18. Rb6) 17... Nf7 $15 18. Rb4 Nxd6 19. Qxd6 Qh5 20. Rd2 f5 21. exf5 Qxf5 22. Bb1 Qf7 {[#]} (22... Qf6 $14) 23. a5 $1 $16 Qe7 24. Qe5 ({White should play} 24. Qxe7 $16 Rxe7 25. Rd6) 24... Qf6 $2 {[#]} (24... d5 $1 $14) 25. Bxh7+ $1 $18 {[%mdl 512]} Kf7 (25... Kxh7 26. Qh5+) 26. Be4 d5 27. Qh5+ Ke7 28. Bg6 Qxc3 29. Rbd4 $2 ({White has to play} 29. Qh4+ $18 Kd7 30. Bxe8+ Kxe8 31. Rdb2) 29... Qe3+ $11 30. Kf1 Rf8 $1 {[%cal Rf8f4]} 31. Qg5+ Rf6 $1 32. R2d3 Qc1+ 33. Kf2 (33. Rd1 $11 Qe3 34. R1d3 Qc1+ 35. Rd1) 33... Bd7 $17 34. Rd1 Qb2+ (34... Qc5 $17 35. h3 Raf8) 35. R1d2 (35. Kg1 $1 $11) 35... Qc3 36. Bc2 Raf8 (36... Kf8 $17 {...e5 is the strong threat.} 37. Qh5 Rh6) 37. g3 $15 g6 ({Black should try} 37... Kd8 $15) 38. h4 Qxa5 39. Bxg6 b5 (39... Rg8 $11 {keeps the balance.} 40. h5 Be8) 40. h5 $16 b4 41. Qe5 $40 {[%mdl 128] Black needs to defend precisely.} (41. h6 $16) 41... Qb6 $14 42. Kg2 {And now Rxd5 would win.} b3 $2 {[%mdl 8192]} (42... Bc6 $14) 43. Rxd5 $18 {[%csl Gd2][%cal Rd5d7]} Bc6 44. Qd6# {Accuracy: White = 58%, Black = 41%.} 1-0

[Event "African Online-ch U20-Open 2021"]
[Site "Online"]
[Date "2021.02.01"]
[Round "5.7"]
[White "Celso Andre Manjate"]
[Black "Khumalo, Keith"]
[Result "1-0"]
[WhiteElo "1721"]
[BlackElo "2142"]
[Annotator "TA"]
[PlyCount "177"]
[EventDate "2021.02.01"]
[EventType "swiss"]
[EventCountry "NET"]
[SourceTitle "playchess.com"]
[Source "ChessBase"]
[SourceQuality "1"]

{[%evp 14,177,41,11,0,0,18,0,0,-2,0,6,74,81,76,64,57,68,104,95,84,52,42,0,25,0,0,0,0,0,46,0,0,0,14,0,0,0,38,0,15,0,33,29,75,54,110,97,109,84,218,192,189,194,432,435,579,322,363,342,412,406,659,332,339,328,305,305,287,250,368,353,381,279,374,352,354,347,397,383,389,0,350,346,412,415,429,429,429,429,466,405,381,381,429,416,414,410,429,429,588,415,415,408,627,622,629,478,625,589,610,599,576,413,401,375,474,351,29959,29959,29967,29969,29969,29972,29971,29972,29970,29971,29971,29972,29972,29972,29971,29973,29974,29975,29977,29977,29973,29974,29977,29977,29977,29978,29978,29979,29980,29981,29981,29982,29986,29986,29987,29988,29992,29988,29988,29989,29989,29990,29990,29989,29990,29991,29991,29992]} 1. e4 e6 2. d4 d5 3. exd5 exd5 4. Bd3 Nc6 5. c3 Bd6 6. Nf3 Bg4 7. O-O Nge7 8. Be3 Qd7 {C01: French: Exchange Variation.} 9. a4 {[#]} f6 $146 ({Predecessor:} 9... O-O 10. Nbd2 Bf5 11. Qc2 Bxd3 12. Qxd3 Qf5 13. Qxf5 Nxf5 14. Rfe1 Rfe8 15. Nf1 Na5 16. N1d2 {½-½ (33) Abdrlauf,E (2073)-Porper,E (2377) chess.com INT 2018}) 10. b3 {[%cal Bb2b3,Bb3b4,Bb4b5][%mdl 32]} O-O-O {The position is equal.} 11. b4 g5 12. a5 Bf5 (12... Nf5 $11 {keeps the balance.}) 13. b5 $16 Nb8 14. c4 Bxd3 15. Qxd3 dxc4 16. Qxc4 Nd5 17. Rc1 Rhe8 $1 18. Bd2 a6 19. bxa6 Nxa6 20. Nc3 Nxc3 21. Bxc3 Bf4 (21... g4 $5 {[%cal Rg4f3]} 22. Ne1 Qe6 $11) 22. Rd1 Qd5 23. Qd3 Re7 24. Rab1 c6 25. Rb2 Qe4 {With the idea ...Qxd3.} 26. Qc4 (26. Qf1 $5 {[%cal Rd1e1]} Qd5 27. Rdb1 $11) 26... Rde8 27. Rdb1 g4 28. Nd2 Bxd2 29. Bxd2 Qe2 {Black is on the road to losing.} (29... Rd7 $14) 30. Qc3 {[#] Hoping for Be3.} Qe4 31. g3 Qd5 (31... Qf3 $16) 32. Be3 $18 h5 33. Rb5 Qe4 (33... Qf3) 34. d5 $1 Rc7 35. dxc6 Rxc6 36. Qb3 Rc7 37. Rxh5 Rd8 (37... Qc4 $142 38. Qb6 Qc6) 38. Rb5 Rcd7 39. Rc1+ Kb8 {intending ...Rd3.} 40. Re1 Ka8 41. Qb1 Qf3 (41... Qxb1 $142 42. Rexb1 Rf7) 42. Rf5 Qc6 43. Bb6 Rc8 44. Qb2 Rd6 45. Rf4 Rg8 46. Qb3 Qc8 47. Qb2 $2 (47. Rc4 $18 Qf8 48. Rb1) 47... f5 $2 {[%mdl 8192]} (47... Qc6 $1 $11 {and Black has nothing to worry.} 48. Qb3 Qc8) 48. Qe5 Rh6 49. Qxf5 Qxf5 50. Rxf5 Nb8 51. Re7 Rgh8 52. Rff7 Rxh2 {( -> ...Rh1+)} 53. Kf1 Rh1+ 54. Ke2 Nc6 55. Rxb7 Re8+ 56. Kd2 Rh6 57. Rbd7 Rhe6 58. Rg7 Rf8 (58... Rf6 $142 59. Rc7 Rfe6 60. Rxg4 Ne7 61. Ra7+ Kb8) 59. Rxg4 Ne5 60. Ra7+ Kb8 61. Rgg7 Nc4+ 62. Kc3 Nxb6 63. axb6 Rxb6 {[%mdl 4096] Endgame KRR-KRR} 64. Raf7 {[%cal Rf7f8]} Rc8+ 65. Kd4 Rb4+ $2 (65... Re8 $18 66. Re7 Rf8) 66. Ke3 {White mates.} Rb2 67. Kf3 Rd8 68. g4 Rb3+ 69. Kg2 Rb4 {[#]} 70. f3 $1 Rb2+ 71. Kg3 Rb1 72. g5 Rg1+ 73. Kf4 Rb1 74. g6 Rd4+ 75. Ke5 Rd8 76. f4 Re1+ 77. Kf5 Rd5+ 78. Kf6 Rd6+ 79. Kg5 Rd5+ 80. f5 Rg1+ 81. Kf6 Rd8 82. Rd7 {[%cal Rd7d8]} Re8 83. Rge7 {[%cal Re7e8]} Rf8+ 84. Rf7 {[%cal Rf7f8]} Re8 85. g7 Kc8 86. Ra7 {[%cal Ra7a8]} Kb8 87. Rf8 Rxf8+ 88. gxf8=Q+ Kxa7 89. Qc5+ {[%mdl 64] Double Attack.  Weighted Error Value: White=0.37/Black=0.48} 1-0